| 000 | 00744nam a2200229Ia 4500 | ||
|---|---|---|---|
| 003 | OSt | ||
| 005 | 20250818094248.0 | ||
| 008 | 210210b1998 xxu||||| |||| 00| 0 eng d | ||
| 040 | _cAL | ||
| 041 | _akan | ||
| 082 | _a954.87K SURS | ||
| 100 |
_aSuryanatha Kamath Ed _9236100 |
||
| 110 |
_aಸೂರ್ಯನಾಥ ಕಾಮತ್ Ed _9236104 |
||
| 245 |
_aSvatantrya sangramada smritigalu _b: ಸ್ವಾತಂತ್ರ್ಯ ಸಂಗ್ರಾಮದ ಸ್ಮ್ರತಿಗಳು Vol 2 |
||
| 260 |
_aBengaluru _bKannada Mattu Samskrathi Nirdeshanalaya _c1998 |
||
| 300 | _a963p. | ||
| 440 |
_aVol 2 _9236101 |
||
| 650 |
_aIndependence struggle _9236102 |
||
| 690 |
_aKarnataka History _9236103 |
||
| 906 | _a057708 | ||
| 942 |
_2ddc _cBK |
||
| 999 |
_c105070 _d105070 |
||